Statistics for Top 20 Most Subscribed Youtubers

Click here to take the quiz!

General Stats

  • This quiz has been taken 76 times
  • The average score is 3 of 20

Answer Stats

Rank#SubscribersYoutuber% Correct
135,181,109PewDiePie
94%
419,933,857smosh
43%
1013,911,329nigahiga
42%
321,469,677holasoygerman
22%
515,725,952RihannaVevo
17%
1511,444,986vanossgaming
16%
1711,052,703JustinBieberVevo
13%
615,448,376OneDirectionVevo
12%
715,271,102KatyPerryVevo
12%
814,861,283EminemVevo
12%
1910,805,661RayWilliamJohnson
12%
1411,732,465TheFineBros
12%
222,764,236Youtube
10%
1810,888,420skydoesminecraft
9%
1112,318,632machinima
9%
1311,864,484Erb
7%
1611,297,167TheEllenShow
4%
914,809,315JenaMarbles
1%
2010,511,690elrubisOMG
1%
1212,093,783TaloySwiftVevo
0%

Score Distribution

Percentile by Number Answered

Percent of People with Each Score

Your Score History

You have not taken this quiz